| 000 -LEADER |
| fixed length control field |
00602nam a2200241Ia 4500 |
| 001 - CONTROL NUMBER |
| control field |
12225 |
| 003 - CONTROL NUMBER IDENTIFIER |
| control field |
GE_BSU |
| 005 - DATE AND TIME OF LATEST TRANSACTION |
| control field |
20221117162955.0 |
| 008 - FIXED-LENGTH DATA ELEMENTS--GENERAL INFORMATION |
| fixed length control field |
181216s2010en xx |||||||||||||| ||eng|| |
| 020 ## - INTERNATIONAL STANDARD BOOK NUMBER |
| International Standard Book Number |
9780073028200x |
| 040 ## - CATALOGING SOURCE |
| Transcribing agency |
GE_BSU |
| 041 ## - LANGUAGE CODE |
| Language code of text/sound track or separate title |
eng |
| 080 ## - UNIVERSAL DECIMAL CLASSIFICATION NUMBER |
| Universal Decimal Classification number |
59 M-69 |
| 100 ## - MAIN ENTRY--PERSONAL NAME |
| Personal name |
Miller,A Stephen. |
| 9 (RLIN) |
15907 |
| 245 ## - TITLE STATEMENT |
| Title |
Zoology / |
| Statement of responsibility, etc. |
A Stephen Miller, P John. Harley. |
| 250 ## - EDITION STATEMENT |
| Edition statement |
8th ed. |
| 264 ## - PRODUCTION, PUBLICATION, DISTRIBUTION, MANUFACTURE, AND COPYRIGHT NOTICE |
| Place of production, publication, distribution, manufacture |
New York, |
| Date of production, publication, distribution, manufacture, or copyright notice |
2010. |
| 300 ## - PHYSICAL DESCRIPTION |
| Extent |
592 p.: |
| Other physical details |
ill; |
| Dimensions |
28 cm. |
| 653 ## - INDEX TERM--UNCONTROLLED |
| keyword |
Zoology. |
| 653 ## - INDEX TERM--UNCONTROLLED |
| keyword |
ზოოლოგია |
| 700 ## - ADDED ENTRY--PERSONAL NAME |
| Personal name |
Harley, P. John. |
| 9 (RLIN) |
15908 |
| 942 ## - ADDED ENTRY ELEMENTS (KOHA) |
| Koha item type |
წიგნი |
| Source of classification or shelving scheme |
|